| 000 | 00792nam a22001937a 4500 | ||
|---|---|---|---|
| 003 | OSt | ||
| 005 | 20130507193540.0 | ||
| 008 | 130507s2006 sp ||||| |||| 00| 0 cat d | ||
| 040 | _cCDMR | ||
| 245 | 0 | 4 |
_aEls governs locals i la comunicació pública _b: cens dels mitjans públics catalans de comunicació local _cdirecció, Pere Oriol Costa ; realització, Marta Corcoy i Patricia L. Gómez |
| 260 |
_aBellaterra _bUniversitat Autònoma de Barcelona _c2006 |
||
| 500 | _aFormat original: recurs electrònic (CD-ROM) | ||
| 650 | 0 | 4 |
_93110 _aComunicació audiovisual pública _zCatalunya |
| 650 | 0 | 4 |
_92803 _aMitjans de comunicació de massa locals _zCatalunya |
| 700 | 1 |
_9443 _aCosta, Pere-Oriol _edir. |
|
| 700 | 1 |
_93347 _aCorcoy, Marta |
|
| 700 | 1 |
_93348 _aGómez, Patricia L. |
|
| 942 |
_2udc _cMON |
||
| 999 |
_c6187 _d6187 |
||